| 000 | 01137nam a22003135a 4500 | ||
|---|---|---|---|
| 005 | 20161117144503.0 | ||
| 008 | 161030t2014 enka frb 001 0 eng d | ||
| 020 | _a9780415757621 | ||
| 040 |
_aEG-ScBUE _beng _cEG-ScBUE _dEG-ScBUE |
||
| 082 | 0 | 4 |
_a330 _bMEH _222 |
| 245 | 1 | 0 |
_aMoney and growth : _bselected papers of Allyn Abbott Young / _cedited by Perry G. Mehrling, Roger J. Sandilands. |
| 260 |
_aAbingdon : _bRoutledge / Taylor & Francis Group, _c2014. |
||
| 300 |
_axxvi, 430 p. : _bill. ; _c25 cm. |
||
| 490 | 0 |
_aRoutledge Studies in the history of economics ; _v29 |
|
| 500 | _aIndex : p. 426-430. | ||
| 504 | _aIncludes bibliographical references. | ||
| 590 | _aSuzan Ashmawy ; revised by Fouad. | ||
| 600 | 1 |
_aYoung, Allyn Abbott, _d1876-1929. |
|
| 650 | 7 |
_aMoney. _2BUEsh |
|
| 650 | 7 |
_aEconomics. _2BUEsh |
|
| 650 | 7 |
_aWorld War, 1914-1918 _xEconomic aspects. _2BUEsh |
|
| 650 | 7 |
_aEconomic development. _2BUEsh |
|
| 650 | 7 |
_aEconomic history. _2BUEsh |
|
| 651 | _2BUEsh | ||
| 653 |
_bBUSECO _cOctober2016 |
||
| 700 | 1 |
_aSandilands, Roger J., _eeditor. |
|
| 700 | 1 |
_aMehrling, Perry G., _eeditor. |
|
| 942 | _2ddc | ||
| 999 |
_c22912 _d22884 |
||